Statistieken voor 10 grootste Europese landen

Klik hier om de quiz te nemen!

Algemene statistieken

  • Deze quiz is 459 keer genomen
    (215 sinds de laatste reset)
  • De gemiddelde score is 9 van 10

Antwoordstatistieken

PlaatsOppervlakte (km²)Land% Correct
117.071.242Rusland
99%
8357.386Duitsland
98%
3672.051Frankrijk
98%
5505.990Spanje
96%
6450.295Zweden
94%
7385.178Noorwegen
93%
9338.145Finland
91%
4603.628Oekraïne
89%
10312.685Polen
85%
22.210.579Denemarken
53%

Scoreverdeling

Percentiel versus Aantal Correcte Antwoorden

Procent van Mensen met Elke Score

Uw Scoregeschiedenis

U heeft deze quiz nog niet genomen sinds de laatste reset